Statistiques concernant Buteurs ligue 1 2023-2024

Cliquez ici pour prendre le quiz!

Statistiques générales

  • Ce quiz a été pris 36 fois
    (32 depuis la dernière actualisation)
  • Le résultat moyen est 20 sur 67

Statistiques - réponses

ClubButJoueurs% Correct
Lille2Jonathan David
86%
Nice1Terem Moffi
69%
Nice1Gaëtan Laborde
66%
Monaco4Wissam Ben Yedder
66%
Reims1Junya Ito
55%
Lyon1Alexandre Lacazette
52%
Lens1Florian Sotoca
52%
Nantes4Mostafa Mohamed
52%
Brest3Romain Del Castillo
48%
Monaco3Takumi Minamino
48%
Rennes1Amine Gouiri
45%
Lille1Bafodé Diakité
45%
Reims1Oumar Diakité
45%
Rennes1Benjamin Bourigeaud
41%
Metz2Georges Mikautadze
41%
Marseille2Vitinha
41%
Monaco1Aleksandr Golovin
38%
Rennes1Arnaud Kalimuendo
38%
Marseille2Ismaïla Sarr
38%
Montpellier3Akor Adams
34%
Marseille1Azzedine Ounahi
34%
Marseille1Chancel Mbemba
34%
Reims1Mohamed Daramy
34%
Le Havre1Nolan Mbemba
34%
Monaco1Guilermo Maripan
31%
Rennes2Ibrahim Salah
31%
Strasbourg2Jean Ricner Bellegarde
31%
Rennes1Jeremy Doku
31%
Reims1Marshall Munetsi
31%
Reims3Teddy Teuma
31%
Strasbourg1Emanuel Emegha
28%
Clermont1Grejohn Kyei
28%
Rennes1Ludovic Blas
28%
Montpellier3Mousa Al-Taamari
28%
Le Havre3Nabil Alioui
28%
Monaco1Wilfried Singo
28%
Lille1Adam Ounas
24%
Lyon1Corentin Tolisso
24%
Lens2Deiver Machado
24%
Monaco1Maghnes Akliouche
24%
Lyon1Nicolas Tagliafico
24%
Nice1Youcef Atal
24%
Reims1Yunis Abdelhamid
24%
Montpellier1Arnaud Nordin
21%
Le Havre2Daler Kuzyaev
21%
Marseille1Emran Soglo
21%
Toulouse1Frank Magri
21%
Le Havre1Gautier Lloris
21%
Strasbourg1Lebo Mothiba
21%
Monaco1Vanderson
21%
Toulouse3Zakaria Aboukhlal
21%
Metz2Cheick Tidiane Sabaly
17%
Rennes1Christopher Wooh
17%
Nice1Evann Guessand
17%
Brest1Kenny Lala
17%
Metz1Youssef Maziz
17%
Lille1Yusuf Yazici
17%
Brest1Lilian Brassier
14%
Clermont1Mateusz Wieteska
14%
Lens1Morgan Guilavogui
14%
Le Havre1Samuel Grandsir
14%
Clermont1Florent Ogier
10%
Nantes1Jean Charles Castelleto
10%
Toulouse1Rasmus Nicolaisen
7%
Monaco1Myron Baodu
3%
Metz1Ablie Jallow
0%
Clermont1Muhammed Cham Saracevic
0%

Distribution des résultats

Percentile par nombre de réponses

% des personnes avec chaque résultat

Votre développement - résultats

Vous n’avez pas pris ce quiz depuis la dernière actualisation